| 000 | 00778nam a2200265 4500 | ||
|---|---|---|---|
| 001 | 34869 | ||
| 010 | _a9789892602691 | ||
| 021 | _aPT | ||
| 090 | _a34869 | ||
| 100 | _a20220913 frey50 | ||
| 101 | 0 | _apor | |
| 102 | _aPT | ||
| 200 | 1 |
_aAs mil cores do sorriso da Maria _ftexto e il. Ana Daniela Soares _g Ana Luisa Costa, João Carlos Ramos |
|
| 210 |
_aCoimbra _cImprensa da Universidade, _dD.L. 2012 |
||
| 215 |
_a37, [3] p. _cmuito il. _d22 cm |
||
| 225 | 2 | _aDescobrir as ciências | |
| 606 |
_aDentes _xCuidados e higiene |
||
| 675 |
_a087.5-053.5 _vBN _zpor |
||
| 675 |
_a616.314 _vBN _zpor |
||
| 700 | 1 |
_aSoares, _bAna Daniela |
|
| 701 | 1 |
_aCosta, _bAna Luísa _4070 |
|
| 701 | 1 |
_aRamos, _bJoão Carlos _4070 |
|
| 801 | 0 |
_aPT _bRMBL _gRPC |
|
| 990 | _cLIVROS | ||
| 994 | _aCOMP | ||